| 000 | 03408nam a2200277 a 4500 | ||
|---|---|---|---|
| 001 | 000037941 | ||
| 005 | 20260305073951.0 | ||
| 008 | 090130s1997 dr 001 0 spa d | ||
| 020 | _a843997681X | ||
| 040 |
_aDO-SdBNP _bspa _cBNPHU |
||
| 082 |
_a972.93 _bM938m, 1997 |
||
| 100 | 1 |
_aMoya Pons, Frank, _d1944- _92095 |
|
| 245 | 1 | 0 |
_aManual de historia dominicana / _cFrank Moya Pons. |
| 250 | _a11a. ed. | ||
| 260 |
_aSanto Domingo : _bCaribbean Publishers, _c1997. |
||
| 300 |
_a733 p. ; _c23 cm. |
||
| 500 | _aIncluye índice onomástico | ||
| 504 | _aBibliografía: p.591-636 | ||
| 505 | 0 |
_tPrefacio -- _gI. _tLa sociedad taína -- _gII. _tLa sociedad española en el siglo XV -- _gIII. _tEl oro y las encomiendas de indios (1493-1520) -- _gIV. _tEl azúcar y la esclavitud de los negros (1520-1607) -- _gV. _tMonopolio y contrabando en El Caribe (1503-1603) -- _gVI. _tLa ganadería, el contrabando y las devastaciones (1503-1608) -- _gVII. _tConsecuencias de las devastaciones (1606-1655) -- _gVIII. _tLos bucaneros, los filibusteros y la invasión inglesa de 1655 (1621-1655) -- _gIX. _tLa ocupación francesa del oeste de la isla (1655-1697) -- _gX. _tLa pobreza dominicana en la segunda mitad del siglo XVII (1655-1700) -- _gXI. _tLa recuperación económica de Santo Domingo (1697-1731) -- _gXII. _tLa ocupación francesa de las tierras fronterizas (1697-1777) -- _gXIII. _tLa formación de la frontera (1731-1789) -- _gXIV. _tLa colonia francesa de Saint Domingue y la Revolución Haitiana (1789-1804) -- _gXV. _tEl Tratado de Basilea y sus consecuencias (1795-1801) -- _gXVI. _tLa era de Francia y la reconquista (1801-1809) -- _gXVII. _tLa España Boba y la invasión de Boyer (1809-1822) -- _gXVIII. _tLa dominación haitiana: comienzos (1822-1825) -- _gXIX. _tLa dominación haitiana: problemas (1826-1838) -- _gXX. _tLa Trinitaria, la reforma y la caída de Boyer (1838-1843) -- _gXXI. _tLa separación (1843-1844) -- _gXXII. _tGuerra y política en el año 1844 -- _gXXIII. _tSantana (1844-1857) -- |
|
| 505 | 0 |
_gXXIV. _tSantana y Báez (1849-1857) -- _gXXV. _tCausas y consecuencias de la revolución de 1857 (1844-1861) -- _gXXVI. _tLa anexión y la Restauración (1861-1865) -- _gXXVII. _tLa Restauración y sus efectos inmediatos (1865-1868) -- _gXXVIII. _tLos seis años de Báez (1868-1873) -- _gXXVIII. _tLos seis años de Báez (1868-1873) -- _gXXIX _tRojos, verdes y azules (1873-1879) -- _gXXX. _tLos gobiernos azules (1879-1886) -- _gXXXI. _tLa economía dominicana y el Partido Azul (1865-1886) -- _gXXXII. _tLilís y las deudas (1887-1899) -- _gXXXIII. _tLa deuda y los comienzos de la influencia americana (1899-1907) -- _gXXXIV. _tRamón Cáceres (1906-1911) -- _gXXXV. _tEl derrumbe de la soberanía (1911-1916) -- _gXXXVI. _tLa ocupación militar norteamericana (1916-1924) -- _gXXXVII. _tHoracio Vázquez (1924-1930) -- _gXXXVIII. _tLa Era de Trujillo (1930-1961) -- _gXXXIX. _tDemocratización y guerra civil (1961-1966) -- _gXL. _tLos Doce Años de Balaguer (1966-1978) -- _gXLI. _tAntonio Guzmán (1978-1982) -- _gXLII. _tSalvador Jorge Blanco (1982-1986) -- _gXLIII. _tEl retorno de Balaguer (1986-1990) -- _tBibliografía. |
|
| 651 | 4 |
_aRepública Dominicana _xHistoria _9170 |
|
| 651 | 4 |
_aRepública Dominicana _xCondiciones Económicas _xHistoria _91210 |
|
| 651 | 4 |
_aRepública Dominicana _xCondiciones Sociales _xHistoria _91211 |
|
| 651 | 4 |
_aRepública Dominicana _xPolítica Y Gobierno _xHistoria _91212 |
|
| 910 | _aValidado. Control de calidad MFF | ||
| 999 |
_c37431 _d37431 |
||